ESSENTIALS OF HUMAN GENETICS / (Record no. 795985)

MARC details
000 -LEADER
fixed length control field 00500pam a2200193 a 4500
020 ## - INTERNATIONAL STANDARD BOOK NUMBER
International Standard Book Number 8125014268
Terms of availability 275.00
041 ## - LANGUAGE CODE
Language code of text/sound track or separate title eng
Language code of original NULL
082 ## - DEWEY DECIMAL CLASSIFICATION NUMBER
Classification number 618.2
Item number BHA/KOT
100 ## - MAIN ENTRY--PERSONAL NAME
Personal name BHATNAGAR, S .
245 ## - TITLE STATEMENT
Title ESSENTIALS OF HUMAN GENETICS /
Statement of responsibility, etc. NULL.
Medium Textual Documents
250 ## - EDITION STATEMENT
Edition statement 4 /
Remainder of edition statement .
260 ## - PUBLICATION, DISTRIBUTION, ETC.
Place of publication, distribution, etc. NULL :
Name of publisher, distributor, etc. ORIENT LONGMAN ,
Date of publication, distribution, etc. 2004.
300 ## - PHYSICAL DESCRIPTION
Extent 210 :
Other physical details xiii ;
Dimensions NULL .
365 ## - TRADE PRICE
Price type code 275.00
650 ## - SUBJECT ADDED ENTRY--TOPICAL TERM
Topical term or geographic name entry element OBST.GYNE
700 ## - ADDED ENTRY--PERSONAL NAME
Personal name KHOTHARI, M .
930 ## - EQUIVALENCE OR CROSS-REFERENCE-UNIFORM TITLE HEADING [LOCAL, CANADA]
Uniform title 1449
Holdings
Withdrawn status Lost status Damaged status Not for loan Home library Current library Date acquired Cost, normal purchase price Total Checkouts Full call number Barcode Date due Date last seen Date last checked out Copy number Price effective from Koha item type
        Medical College & Hospital, Sangli Medical College & Hospital, Sangli 28/11/2011 275.00 1 618.2 BHA/KOT MCS-3948 01/10/2043 06/10/2023 06/10/2023 1 26/07/2023 Book